| 000 | 00362nam a22001457a 4500 | ||
|---|---|---|---|
| 005 | 20250519141841.0 | ||
| 008 | 250519b |||||||| |||| 00| 0 eng d | ||
| 020 | _a8187336137 | ||
| 082 | _aKBJP-D-62 | ||
| 100 |
_aGoel S. _9212209 |
||
| 245 | _aSoftware Management | ||
| 260 |
_aNew Delhi _bDominant Publishers & Dis. _c1999 |
||
| 300 | _a317pp. | ||
| 942 | _cBK | ||
| 999 |
_c366692 _d366692 |
||